000 00448nam a2200181Ia 4500
001 2385
005 20260306144803.0
008 260306t2016||||xx |||||||||||||| ||spa||
041 _aESP
082 _a616.89
_bC235
100 _aCendenilla Ramón, Nieves
_eAUT
245 0 _aPsicopatología general en terapia ocupacional
260 _c2016
300 _a291 páginas :
_c23 cm.
650 _aGEN
654 _aCPS
942 _cLIB
_dJUS
_fJUS
_2ddc
_n
999 _c2385
_d2385